000
00266nam a2200109Ia 4500
008
190216s9999||||xx |||||||||||||| ||und||
100
_a
Francis Cherunilam
245
0
_a
Business Enviornment
260
_b
Himalaya Publishing House
_c
1997
300
_a
613p
942
_c
BK
999
_c
5594
_d
5594